| 000 | 01232-am-a2200253-a-4500 | ||
|---|---|---|---|
| 001 | 000113123 | ||
| 003 | AM-YEHGA | ||
| 005 | 20250617122425.0 | ||
| 008 | 950720s1983 xxu 000 0 ||| u | ||
| 020 | _c1.20 | ||
| 040 | _aAM-YeHGA | ||
| 245 | 1 | 0 |
_aЛогическое проектирование переключательных автоматов / _cГ.П. Агибалов, В.А. Бузанов, В.Б. Липский, Б.Ф. Румянцев ; [Редактор А.Ю. Матросова]. |
| 260 | 0 |
_aТомск : _bИзд-во Том. ун-та, _c1983. |
|
| 300 |
_a154 с. : _bи ; _c. _c20 см. |
||
| 500 | _aամբողջապես կամ մեկ օրացույցային տարվա ընթացքում հրատարակվող մենագրություն 1983 | ||
| 500 | _aայլ | ||
| 650 | 4 | _aПереключатели автоматические - Проектирование - Математические методы | |
| 700 | 1 | 0 |
_aАгибалов, Геннадий Петрович _4aut |
| 700 | 1 |
_aБузанов, В.А. _4aut |
|
| 700 | 1 |
_aЛипский, В.Б. _4aut |
|
| 700 | 1 |
_aРумянцев, Б.Ф. _4aut |
|
| 700 | 1 |
_aМатросова, Анжела Юрьевна _4edt |
|
| 090 | _c37552 | ||
| 999 |
_c36988 _d36988 |
||